Environmentálne vzdelávanie na gymnáziách
Posúdenie prijatej koncepcie environmentálnej výchovy a vzdelávania z praktického hľadiska. Výsledky malej ankety použitej pri výučbe geografie na gymnáziách. Postoje žiakov základných a stredných škôl v oblasti environmentálnej výchovy a vzdelávania.
Gespeichert in:
| 1. Verfasser: | |
|---|---|
| Format: | Buchkapitel |
| Sprache: | Slowakisch |
| Schlagworte: | |
| Tags: |
Keine Tags, Fügen Sie das erste Tag hinzu!
|
MARC
| LEADER | 00000naa$a2200000$$$4500 | ||
|---|---|---|---|
| 001 | 0027747 | ||
| 005 | 20230928075529.9 | ||
| 041 | 0 | |a slo | |
| 044 | |a SK | ||
| 245 | 1 | 0 | |a Environmentálne vzdelávanie na gymnáziách |c Pavel Sadloň |
| 520 | |a Posúdenie prijatej koncepcie environmentálnej výchovy a vzdelávania z praktického hľadiska. Výsledky malej ankety použitej pri výučbe geografie na gymnáziách. Postoje žiakov základných a stredných škôl v oblasti environmentálnej výchovy a vzdelávania. | ||
| 610 | 2 | 0 | |a environmentalistika |
| 610 | 2 | 0 | |a vzdelávanie |
| 610 | 2 | 0 | |a školy stredné |
| 610 | 2 | 0 | |a výučba vedecká |
| 610 | 2 | 0 | |a geografia |
| 610 | 2 | 0 | |a postoje |
| 100 | 1 | |a Sadloň, Pavel | |